Statistieken voor Landen die beginnen met T

Klik hier om de quiz te nemen!

Algemene statistieken

  • Deze quiz is 8.876 keer genomen
  • De gemiddelde score is 8 van 13

Antwoordstatistieken

Land% Correct
Turkije
82%
Turkmenistan
74%
Tanzania
71%
Tunesië
68%
Thailand
67%
Togo
67%
Trinidad en Tobago
62%
Tadzjikistan
61%
Tuvalu
60%
Tonga
57%
Taiwan
54%
Tsjaad
52%
Tsjechië
51%

Scoreverdeling

Percentiel versus Aantal Correcte Antwoorden

Procent van Mensen met Elke Score

Uw Scoregeschiedenis

U heeft deze quiz nog niet genomen